| 000 -LEADER |
| fixed length control field |
00637nam a22001937a 4500 |
| 005 - DATE AND TIME OF LATEST TRANSACTION |
| control field |
20240802145104.0 |
| 008 - FIXED-LENGTH DATA ELEMENTS--GENERAL INFORMATION |
| fixed length control field |
240802s2015 en ||||| |||| 00| 0 eng d |
| 020 ## - INTERNATIONAL STANDARD BOOK NUMBER |
| International Standard Book Number |
9780199687817 X |
| 041 ## - LANGUAGE CODE |
| Language code of text/sound track or separate title |
eng |
| 080 ## - UNIVERSAL DECIMAL CLASSIFICATION NUMBER |
| Universal Decimal Classification number |
61(038) C-74 |
| 245 ## - TITLE STATEMENT |
| Title |
Concise medical dictionary |
| 250 ## - EDITION STATEMENT |
| Edition statement |
Ninth Edition |
| 264 ## - PRODUCTION, PUBLICATION, DISTRIBUTION, MANUFACTURE, AND COPYRIGHT NOTICE |
| Place of production, publication, distribution, manufacture |
[Oxford] : |
| Name of producer, publisher, distributor, manufacturer |
Oxford University Press, |
| Date of production, publication, distribution, manufacture, or copyright notice |
2015. |
| 300 ## - PHYSICAL DESCRIPTION |
| Extent |
861 p.: |
| Other physical details |
19 cm. |
| 653 ## - INDEX TERM--UNCONTROLLED |
| keyword |
Concise medical dictionary |
| 653 ## - INDEX TERM--UNCONTROLLED |
| keyword |
Dictionaries Medical sciences Medical sciences Dictionaries Medicine Medicine Dictionaries |
| 653 ## - INDEX TERM--UNCONTROLLED |
| keyword |
სამედიცინო ლექსიკონი |
| 942 ## - ADDED ENTRY ELEMENTS (KOHA) |
| Source of classification or shelving scheme |
|
| Koha item type |
წიგნი |